00677nam a2200229Ia 450000500170000000800410001702000150005808200210007310000210009424500610011526000570017630000150023365000130024865000100026165000200027165000110029165000140030265000130031694200060032995200970033599900150043220250213055110.0240331s9999 xx 000 0 und d a8125905073 bTHI24276a305.4 aThiruchandran, S 4aThe Spectrum of Femininity:bA Process of Deconstruction aNew Delhi;aBangalore bVikas Publishing Housec1998 ax, 149 p., aFeminism aWomen aSociopolitical  aGender aEthnicity aHinduism cL 001040708LaWERCLbWERCLcSSCd2024-03-31l0o 305.4 THIp4276r2024-03-31w2024-03-31yL c1709d1709